| 000 | 00000nam##2200000za#4500 |
| 001 | 9.641627 |
| 003 | CaOODSP |
| 005 | 20210624223317 |
| 007 | cr ||||||||||| |
| 008 | 150407|1968||||xxc|||||o f|0| 0 fre|d |
| 040 | |aCaOODSP|bfre |
| 043 | |an-cn--- |
| 086 | 1 |aA53-1054/1965F-PDF |
| 110 | 1 |aCanada.|bAgriculture Canada. |bDirection générale de recherche. |
| 245 | 10|aEstimation des besoins d'eau d'irrigation d'après les données météorologiques / |h[ressource électronique]|c[par] Geo. W. Robertson et R.M. Holmes. |
| 260 | |aOttawa - Ontario : |bAgriculture Canada. |cImprimé 1965. |
| 300 | |a16p.|bréférences, tableaux |
| 500 | |aPublication historique numérisée par Agriculture et Agroalimentaire Canada. |
| 590 | |a13-17-Supp|b2013-07-25 |
| 691 | 07|aCultures|2gcpds |
| 691 | 07|aExploitation agricole|2gcpds |
| 691 | 07|aIrrigation|2gcpds |
| 775 | 08|tEstimating irrigation water requirements from meteorological data / |w(CaOODSP)9.697589 |
| 856 | 40|ahttp://publications.gc.ca|qPDF|s861 Ko|uhttps://publications.gc.ca/collections/collection_2013/aac-aafc/agrhist/A53-1054-1965-fra.pdf |
| 986 | |a1054 |